000 00804nam a22002537a 4500
003 DO-SdBNP
005 20220525134102.0
008 171123b 2002 sp a c|| |||| 00| 0 spa d
020 _a8434841142
040 _aBPMSU
_bspa
_cBPMSU
082 _aR912
_bZ36a 2012
_222
100 1 _aZárate Martín, Antonio
245 _aAtlas geográfico /
_cAntonio Zárate Martín, José Sánchez Sánchez ;dirección Esther Carrión Fernández
260 _aMadrid :
_bSM Consuta,
_c2011.
300 _a154 p. :
_bil., maps.;
_c30 cm.
500 _aIncluye índices
590 _6Inventariado, 2022/VM
650 4 _aAtlas
650 4 _aGeografía universal
_vAtlas.
700 1 _aCarrión Fernández, Esther
_ecoordinadora
700 1 _aSánchez Sánchez, José
910 _aVMateo V.
942 _2ddc
_cBK
999 _c13222
_d13222